Dictionary of automobile engineering / (Record no. 11491)
[ view plain ]
| 000 -LEADER | |
|---|---|
| fixed length control field | 00442cam a2200169 a 4500 |
| 020 ## - INTERNATIONAL STANDARD BOOK NUMBER | |
| ISBN | 0948549661 |
| 040 ## - CATALOGING SOURCE | |
| Transcribing agency | DLC |
| 082 00 - DEWEY DECIMAL CLASSIFICATION NUMBER | |
| Classification number | 629 P.CO 1996 A037 Or. |
| 245 00 - TITLE STATEMENT | |
| Title | Dictionary of automobile engineering / |
| 260 ## - PUBLICATION, DISTRIBUTION, ETC. (IMPRINT) | |
| Place of publication | Teddington, Middlesex : |
| Name of publisher | P. Collin Pub., |
| Year of publication | 1996. |
| 300 ## - PHYSICAL DESCRIPTION | |
| Number of Pages | 286 p. : |
| Other physical details | ill. ; |
| Dimensions | 20 cm. |
| 650 #0 - SUBJECT ADDED ENTRY--TOPICAL TERM | |
| Topical Term | Automobiles |
| 700 1# - ADDED ENTRY--PERSONAL NAME | |
| Personal name | Livesey, Rupert. |
| 700 1# - ADDED ENTRY--PERSONAL NAME | |
| Personal name | Sawers, Robin. |
| 700 1# - ADDED ENTRY--PERSONAL NAME | |
| Personal name | Greasby, Liz. |
| 942 ## - ADDED ENTRY ELEMENTS (KOHA) | |
| Koha item type | សៀវភៅភាសាអង់គ្លេស |
| 952 ## - LOCATION AND ITEM INFORMATION (KOHA) | |
| Withdrawn status [LOCAL, KOHA] | 0 |
| Permanent Location | Date acquired | Koha item type | Lost status | Shelving location | Barcode | Current Location | Full call number |
|---|---|---|---|---|---|---|---|
| Library Block A | 2017-08-03 | សៀវភៅភាសាអង់គ្លេស | A037 | A10166 | Library Block A | 629 P.CO 1996 A037 Or. |